[Event "Steinfurt Bezirksklasse 0304"]
[Site "Germany"]
[Date "2004.02.07"]
[Round "6.1"]
[White "Sperling, Rainer"]
[Black "Schnitger, Jochen"]
[Result "1/2-1/2"]
[WhiteElo "1565"]
[BlackElo "1660"]
[PlyCount "124"]
[EventDate "2003.09.27"]
[EventType "team-tourn"]
[EventRounds "11"]
[EventCountry "GER"]
[SourceTitle "EXT 2005"]
[Source "ChessBase"]
[SourceDate "2004.11.15"]
[SourceVersion "1"]
[SourceVersionDate "2004.11.15"]
[SourceQuality "1"]
[WhiteTeam "Reckenfeld II"]
[BlackTeam "Ibbenbueren III"]
[WhiteTeamCountry "GER"]
[BlackTeamCountry "GER"]

1. e4 e5 2. Nf3 Nc6 3. Bc4 d6 4. h3 Be7 5. d3 Nf6 6. Nc3 0-0 7. Bg5 Na5 8. Bb3 Nxb3 9. axb3 Be6 10. 0-0 c6 11. Qe2 h6 12. Bh4 b6 13. Bxf6 Bxf6 14. Nd1 g6 15. Nh2 Bg7 16. Ne3 f5 17. exf5 gxf5 18. Rab1 f4 19. Nc4 b5 20. Nd2 Rf6 21. Kh1 Qd7 22. Qf3 Raf8 23. Ne4 Rg6 24. Rg1 Bf5 25. Qh5 d5 26. Nc3 e4 27. dxe4 dxe4 28. Rbc1 Qd2 29. Qe2 Qxe2 30. Nxe2 Bxb2 31. Nxf4 Bxc1 32. Nxg6 Bxg6 33. Rxc1 Rxf2 34. Ng4 Rd2 35. Nxh6+ Kg7 36. Ng4 a5 37. Kg1 a4 38. bxa4 bxa4 39. Ne5 c5 40. Nc4 Rd4 41. Na3 e3 42. Kf1 Rf4+ 43. Ke2 Rf2+ 44. Kxe3 Rxg2 45. Kf3 Rh2 46. Ra1 Rxh3+ 47. Ke2 Rh2+ 48. Ke3 Kf6 49. c3 Ke6 50. Nc4 Rc2 51. Rxa4 Rxc3+ 52. Kd2 Rd3+ 53. Ke1 Bf7 54. Nb2 Rd8 55. Ra3 Rd4 56. Re3+ Kd5 57. Rd3 Rxd3 58. Nxd3 c4 59. Kd2 Kd4 60. Nb2 c3+ 61. Kc1 Bg6 62. Na4 c2 1/2-1/2

[Event "Steinfurt Bezirksklasse 0203"]
[Site "Germany"]
[Date "2003.01.18"]
[Round "4.1"]
[White "Schnitger, Jochen"]
[Black "Engfer, Klaus"]
[Result "1/2-1/2"]
[WhiteElo "1658"]
[BlackElo "1599"]
[PlyCount "50"]
[EventDate "2002.09.28"]
[EventType "team-tourn"]
[EventRounds "7"]
[EventCountry "GER"]
[SourceTitle "EXT 2005"]
[Source "ChessBase"]
[SourceDate "2004.11.15"]
[SourceVersion "1"]
[SourceVersionDate "2004.11.15"]
[SourceQuality "1"]
[WhiteTeam "Ibbenbueren III"]
[BlackTeam "Rheine CC"]
[WhiteTeamCountry "GER"]
[BlackTeamCountry "GER"]

1. d4 d5 2. c4 Nc6 3. Nf3 e6 4. Nc3 Nf6 5. Bg5 Be7 6. e3 0-0 7. Bd3 h6 8. Bh4 Nb4 9. 0-0 b6 10. Be2 Ba6 11. a3 Nc6 12. Qa4 Bb7 13. Rac1 dxc4 14. Qxc4 Na5 15. Qa2 Nd5 16. Bxe7 Qxe7 17. b4 Nc6 18. Nxd5 exd5 19. Qxd5 Rfd8 20. Qf5 Rd6 21. Bd3 g6 22. Qf4 Kg7 23. Rfd1 Re8 24. Bb1 Rf6 25. Qg3 Rc8 1/2-1/2